[Event "Cork Masters 2025"]
[Site "Cork IRL"]
[Date "2025.10.04"]
[Round "3.4"]
[White "Arun, Nitish"]
[Black "Burke, Kevin"]
[Result "1-0"]
[WhiteElo "2094"]
[BlackElo "1906"]
[WhiteICU "2130"]
[BlackICU "1927"]
[WhiteClub "Cork"]
[BlackClub "St. Benildus"]
[WhiteNationality "IRL"]
[BlackNationality "IRL"]
[WhiteFideId "2524201"]
[BlackFideId "2501520"]
[PlyCount "57"]
[FIDETournamentId "435511"]
[ICUTournamentId "2569"]
[ChessResultsKey "1246470"]
[EventSection "1/3"]
[Venue "Clayton Hotel Cork City, 10 Lapp's Quay, Cork, T12 RD6E"]
[EventDate "2025.10.03"]

{ Event information: <a
href="https://www.irlchess.com/cork2025_allfiles/pairings_cork2025.html">Tournament
report</a>. }

1. d4 e6 2. c4 f5 3. Nf3 Nf6 4. g3 Be7 5. Bg2 O-O 6. O-O d6 7. Nc3 Qe8 8.
b3 Ne4 9. Bb2 Bf6 10. Nxe4 fxe4 11. Ne1 d5 12. f3 exf3 13. Nxf3 c5 14. e3
Bd7 15. Rc1 Nc6 16. Ba3 Nb4 17. dxc5 Nxa2 18. Rc2 Nc3 19. Qe1 Ne4 20. c6
Bxc6 21. Bxf8 Qxf8 22. Nd4 Qd6 23. Nxc6 bxc6 24. Qe2 Qe5 25. cxd5 cxd5 26.
Qd3 Nd6 27. Rc6 Nf5 28. Rxe6 $1 Nd6 29. Rxd6 1-0

[Event "Cork Masters 2025"]
[Site "Cork IRL"]
[Date "2025.10.04"]
[Round "3.5"]
[White "Comley, Jamie"]
[Black "Bartczak, Korneliusz"]
[Result "0-1"]
[WhiteElo "1885"]
[BlackElo "2071"]
[WhiteICU "1930"]
[BlackICU "2123"]
[WhiteClub "Limerick"]
[BlackClub "Limerick"]
[WhiteNationality "IRL"]
[BlackNationality "IRL"]
[WhiteFideId "2524260"]
[BlackFideId "2523558"]
[PlyCount "136"]
[FIDETournamentId "435511"]
[ICUTournamentId "2569"]
[ChessResultsKey "1246470"]
[EventSection "1/3"]
[Venue "Clayton Hotel Cork City, 10 Lapp's Quay, Cork, T12 RD6E"]
[EventDate "2025.10.03"]

{ Event information: <a
href="https://www.irlchess.com/cork2025_allfiles/pairings_cork2025.html">Tournament
report</a>. }

1. e4 e5 2. Nf3 Nc6 3. Bb5 a6 4. Ba4 Nf6 5. O-O Be7 6. Re1 b5 7. Bb3 O-O 8.
a4 Bb7 9. d3 b4 10. Nbd2 Re8 11. Nc4 Bc5 12. Bg5 d6 13. Ne3 Bxe3 14. Rxe3
Na5 15. Ba2 h6 16. Bh4 c5 17. Bxf6 Qxf6 18. Nd2 Qe7 19. Qh5 Rf8 20. Rf3 Bc8
21. Bd5 Ra7 22. Rg3 Kh7 23. Rf1 g6 24. Qe2 Be6 25. Bxe6 Qxe6 26. Nc4 Nxc4
27. dxc4 f5 28. exf5 Rxf5 29. b3 Raf7 30. Rd3 e4 31. Re3 Re5 32. Re1 Re7
33. Rd1 Rd7 34. Rd5 Re7 35. Rd2 a5 36. Qe1 Qf6 37. Qd1 Rf7 38. Qe1 Rfe7 39.
Qd1 R7e6 40. Qe1 h5 41. Rd5 Rxd5 42. cxd5 Re5 43. f3 exf3 44. Rxe5 f2+ 45.
Qxf2 Qxe5 46. Qd2 Qe4 47. h3 Kg7 48. c4 bxc3 49. Qxc3+ Qd4+ 50. Qxd4+ cxd4
51. Kf2 Kf6 52. b4 axb4 53. a5 b3 54. a6 b2 55. a7 b1=Q 56. a8=Q Qc2+ 57.
Kg1 Qc1+ 58. Kh2 Qf4+ 59. Kg1 Qe3+ 60. Kh1 Qe1+ 61. Kh2 Qe5+ 62. Kg1 d3 63.
h4 Qe1+ 64. Kh2 Qxh4+ 65. Kg1 Qe1+ 66. Kh2 Qe5+ 67. Kh3 d2 68. Qd8+ Kg7 0-1

[Event "Cork Masters 2025"]
[Site "Cork IRL"]
[Date "2025.10.04"]
[Round "3.6"]
[White "O'Driscoll, Kieran"]
[Black "Cogelja, Mihovil Niko"]
[Result "1-0"]
[WhiteElo "2044"]
[BlackElo "1849"]
[WhiteICU "1989"]
[BlackICU "1884"]
[BlackClub "Cork"]
[WhiteNationality "IRL"]
[BlackNationality "IRL"]
[WhiteFideId "2501899"]
[BlackFideId "2528304"]
[PlyCount "67"]
[FIDETournamentId "435511"]
[ICUTournamentId "2569"]
[ChessResultsKey "1246470"]
[EventSection "1/3"]
[Venue "Clayton Hotel Cork City, 10 Lapp's Quay, Cork, T12 RD6E"]
[EventDate "2025.10.03"]

{ Event information: <a
href="https://www.irlchess.com/cork2025_allfiles/pairings_cork2025.html">Tournament
report</a>. }

1. d4 Nf6 2. c4 g6 3. Nc3 Bg7 4. e4 d6 5. Nf3 O-O 6. Be2 Nbd7 7. O-O c6 8.
b3 e5 9. d5 Nc5 10. Nd2 a5 11. Bb2 Ne8 12. a3 f5 13. b4 axb4 14. axb4 Rxa1
15. Bxa1 Nxe4 16. Ndxe4 fxe4 17. Nxe4 Bf5 18. Ng3 Qg5 19. Bf3 h5 20. dxc6
bxc6 21. Bxc6 h4 22. Nxf5 gxf5 23. Bxe8 Rxe8 24. Qxd6 h3 25. Qd5+ Kh7 26.
Qf3 hxg2 27. Qxg2 Qh5 28. Kh1 Re7 29. Rg1 f4 30. Qe4+ Kh8 31. c5 f3 32. c6
Bh6 33. c7 Qe8 34. Bxe5+ 1-0

[Event "Cork Masters 2025"]
[Site "Cork IRL"]
[Date "2025.10.05"]
[Round "4.1"]
[White "Bartczak, Korneliusz"]
[Black "Fitzsimons, David"]
[Result "0-1"]
[BlackTitle "IM"]
[WhiteElo "2071"]
[BlackElo "2286"]
[WhiteICU "2123"]
[BlackICU "2339"]
[WhiteClub "Limerick"]
[BlackClub "Elm Mount"]
[WhiteNationality "IRL"]
[BlackNationality "IRL"]
[WhiteFideId "2523558"]
[BlackFideId "2501961"]
[PlyCount "106"]
[FIDETournamentId "435511"]
[ICUTournamentId "2569"]
[ChessResultsKey "1246470"]
[EventSection "1/3"]
[Venue "Clayton Hotel Cork City, 10 Lapp's Quay, Cork, T12 RD6E"]
[EventDate "2025.10.03"]

{ Event information: <a
href="https://www.irlchess.com/cork2025_allfiles/pairings_cork2025.html">Tournament
report</a>. }

1. e4 Nf6 2. e5 Nd5 3. c4 Nb6 4. d4 d6 5. f4 g6 6. Nc3 Bg7 7. Be3 Be6 8.
Nf3 O-O 9. b3 dxe5 10. dxe5 f6 11. exf6 exf6 12. Be2 Nc6 13. O-O Qe7 14.
Qe1 f5 15. Rc1 Rfe8 16. Qf2 Rad8 17. Bc5 Qf6 18. Nb5 Rd7 19. Rfd1 Qb2 20.
Bf1 Red8 21. Qxb2 Bxb2 22. Rxd7 Nxd7 23. Rc2 Nxc5 24. Rxb2 Rd7 25. Rd2 Re7
26. Nfd4 Nxd4 27. Rxd4 a6 28. Nc3 a5 29. Kf2 Kg7 30. g3 Re8 31. Bg2 c6 32.
Bf3 Kf6 33. Bg2 Ke7 34. Bf3 Ra8 35. Bd1 Ra6 36. Ke3 Rb6 37. Rd2 Rb4 38. h4
Bf7 39. Rh2 Rb6 40. Rb2 Bxc4 41. h5 Bf7 42. hxg6 hxg6 43. Rb1 Nd7 44. Bf3
Rb4 45. Rd1 Nc5 46. Rd4 Rxd4 47. Kxd4 Kd6 48. Bg2 Ne6+ 49. Ke3 Kc5 50. Na4+
Kb4 51. Nb6 Nf8 52. Nc8 Kc5 53. Na7 Be6 0-1

[Event "Cork Masters 2025"]
[Site "Cork IRL"]
[Date "2025.10.05"]
[Round "4.2"]
[White "Venkatesan, Kavin"]
[Black "O'Driscoll, Kieran"]
[Result "1-0"]
[WhiteTitle "FM"]
[WhiteElo "2267"]
[BlackElo "2044"]
[WhiteICU "2270"]
[BlackICU "1989"]
[WhiteClub "St. Benildus"]
[WhiteNationality "IRL"]
[BlackNationality "IRL"]
[WhiteFideId "2512602"]
[BlackFideId "2501899"]
[PlyCount "85"]
[FIDETournamentId "435511"]
[ICUTournamentId "2569"]
[ChessResultsKey "1246470"]
[EventSection "1/3"]
[Venue "Clayton Hotel Cork City, 10 Lapp's Quay, Cork, T12 RD6E"]
[EventDate "2025.10.03"]

{ Event information: <a
href="https://www.irlchess.com/cork2025_allfiles/pairings_cork2025.html">Tournament
report</a>. }

1. d4 d6 2. Nf3 Bg4 3. e4 Nf6 4. h3 Bh5 5. Bd3 e6 6. Be3 Be7 7. c4 c6 8.
Nc3 d5 9. e5 Nfd7 10. Qc2 Bg6 11. Nd2 O-O 12. O-O Na6 13. a3 Nc7 14. c5 b6
15. b4 a5 16. Ne2 b5 17. Nb3 axb4 18. axb4 Rxa1 19. Rxa1 Bxd3 20. Qxd3 f6
21. Na5 Nb8 22. exf6 Bxf6 23. Bf4 Qd7 24. Qg3 Nba6 25. Bxc7 Nxc7 26. Qd6
Qf7 27. Nxc6 Bh4 28. f3 Ne8 29. Qe5 Qg6 30. Qe3 Qf5 31. Ra8 h6 32. Kh2 Kh7
33. Ne5 g6 34. Ra7+ Ng7 35. Ng4 Bg5 36. Qe5 Bf4+ 37. Nxf4 Qxf4+ 38. Qxf4
Rxf4 39. c6 Rf8 40. Rd7 g5 41. c7 Rc8 42. Ne5 h5 43. Nc6 1-0

[Event "Cork Masters 2025"]
[Site "Cork IRL"]
[Date "2025.10.05"]
[Round "4.3"]
[White "Kelbas, Dariy"]
[Black "Arun, Nitish"]
[Result "1/2-1/2"]
[WhiteElo "1816"]
[BlackElo "2094"]
[WhiteICU "1940"]
[BlackICU "2130"]
[BlackClub "Cork"]
[WhiteNationality "UKR"]
[BlackNationality "IRL"]
[WhiteFideId "34160515"]
[BlackFideId "2524201"]
[PlyCount "47"]
[FIDETournamentId "435511"]
[ICUTournamentId "2569"]
[ChessResultsKey "1246470"]
[EventSection "1/3"]
[Venue "Clayton Hotel Cork City, 10 Lapp's Quay, Cork, T12 RD6E"]
[EventDate "2025.10.03"]

{ Event information: <a
href="https://www.irlchess.com/cork2025_allfiles/pairings_cork2025.html">Tournament
report</a>. }

1. Nf3 d5 2. g3 Nf6 3. Bg2 e6 4. O-O Be7 5. d3 O-O 6. Nbd2 Nc6 7. e4 dxe4
8. Nxe4 Nxe4 9. dxe4 e5 10. Be3 Bg4 11. h3 Be6 12. Qe2 Qc8 13. Kh2 h6 14.
a3 a6 15. Rad1 Rd8 16. Rxd8+ Qxd8 17. Rd1 Qe8 18. Ne1 Rd8 19. Nd3 Bc4 20.
Qg4 Be6 21. Qe2 Bc4 22. Qg4 Be6 23. Qe2 Bc4 24. Bf1 1/2-1/2

[Event "Cork Masters 2025"]
[Site "Cork IRL"]
[Date "2025.10.05"]
[Round "4.4"]
[White "Gubanov, Oleg"]
[Black "Siller-Aziz, Namo"]
[Result "1-0"]
[WhiteTitle "IM"]
[WhiteElo "2269"]
[BlackElo "1987"]
[WhiteICU "2254"]
[BlackICU "2043"]
[WhiteClub "Ennis"]
[WhiteNationality "IRL"]
[BlackNationality "IRL"]
[WhiteFideId "14115115"]
[BlackFideId "2533138"]
[PlyCount "65"]
[FIDETournamentId "435511"]
[ICUTournamentId "2569"]
[ChessResultsKey "1246470"]
[EventSection "1/3"]
[Venue "Clayton Hotel Cork City, 10 Lapp's Quay, Cork, T12 RD6E"]
[EventDate "2025.10.03"]

{ Event information: <a
href="https://www.irlchess.com/cork2025_allfiles/pairings_cork2025.html">Tournament
report</a>. }

1. d4 d5 2. Nf3 Nf6 3. g3 c6 4. Bg2 Nbd7 5. O-O e6 6. b3 Be7 7. Bb2 O-O 8.
Nbd2 b6 9. c4 Bb7 10. Re1 Qc7 11. Rc1 Rac8 12. cxd5 exd5 13. e3 Rfe8 14.
Bh3 Rcd8 15. Qe2 Bd6 16. Rc2 c5 17. Rec1 Qb8 18. Ba3 Bf8 19. dxc5 bxc5 20.
Qb5 a6 21. Qa5 Qa8 22. Ne1 d4 23. Nc4 Ne5 24. Nxe5 Rxe5 25. exd4 Rh5 26.
dxc5 Bxc5 27. Bxc5 Rxh3 28. Be7 Re8 29. Bxf6 gxf6 30. Qf5 Rh6 31. Rc7 Qb8
32. Qd7 Bd5 33. Rc8 1-0

[Event "Cork Masters 2025"]
[Site "Cork IRL"]
[Date "2025.10.05"]
[Round "4.5"]
[White "Petrenko, Maryna"]
[Black "De Jonge, Henk"]
[Result "1-0"]
[WhiteTitle "WFM"]
[WhiteElo "2002"]
[BlackElo "1926"]
[WhiteICU "2128"]
[BlackICU "1906"]
[WhiteClub "Blanchardstown"]
[BlackClub "Cork"]
[WhiteNationality "UKR"]
[BlackNationality "IRL"]
[WhiteFideId "14197820"]
[BlackFideId "2502062"]
[PlyCount "77"]
[FIDETournamentId "435511"]
[ICUTournamentId "2569"]
[ChessResultsKey "1246470"]
[EventSection "1/3"]
[Venue "Clayton Hotel Cork City, 10 Lapp's Quay, Cork, T12 RD6E"]
[EventDate "2025.10.03"]
[BlackFullName "de Jonge, Henk"]

{ Event information: <a
href="https://www.irlchess.com/cork2025_allfiles/pairings_cork2025.html">Tournament
report</a>. }

1. d4 Nf6 2. Nf3 g6 3. c4 Bg7 4. g3 d6 5. Bg2 O-O 6. O-O c6 7. Nc3 Nbd7 8.
h3 e5 9. e4 Re8 10. Be3 Qc7 11. Qc2 a5 12. a3 b6 13. Rfe1 Ba6 14. b3 Rac8
15. Rac1 d5 16. dxe5 Nxe4 17. Nxe4 dxe4 18. e6 Rxe6 19. Bf4 Ne5 20. Rxe4
Nxf3+ 21. Bxf3 Qe7 22. Rxe6 Qxe6 23. Be3 c5 24. Bg4 f5 25. Bf3 Qe7 26. Bd5+
Kh8 27. Re1 Re8 28. Kh2 Bb7 29. Bd2 Qd7 30. Rxe8+ Qxe8 31. Bxb7 Qe2 32. Qc1
Qxf2+ 33. Bg2 Be5 34. Bf4 Bd4 35. Qf1 Qc2 36. Qe1 Qb2 37. Bd6 Kg7 38. Qe7+
Kh6 39. Bf4+ 1-0

[Event "Cork Masters 2025"]
[Site "Cork IRL"]
[Date "2025.10.05"]
[Round "5.1"]
[White "Fitzsimons, David"]
[Black "Gubanov, Oleg"]
[Result "1-0"]
[WhiteTitle "IM"]
[BlackTitle "IM"]
[WhiteElo "2286"]
[BlackElo "2269"]
[WhiteICU "2339"]
[BlackICU "2254"]
[WhiteClub "Elm Mount"]
[BlackClub "Ennis"]
[WhiteNationality "IRL"]
[BlackNationality "IRL"]
[WhiteFideId "2501961"]
[BlackFideId "14115115"]
[PlyCount "105"]
[FIDETournamentId "435511"]
[ICUTournamentId "2569"]
[ChessResultsKey "1246470"]
[EventSection "1/3"]
[Venue "Clayton Hotel Cork City, 10 Lapp's Quay, Cork, T12 RD6E"]
[EventDate "2025.10.03"]

{ Event information: <a
href="https://www.irlchess.com/cork2025_allfiles/pairings_cork2025.html">Tournament
report</a>. }

1. e4 e5 2. Nf3 Nc6 3. Nc3 Nf6 4. Bb5 Bc5 5. O-O Qe7 6. Nd5 Nxd5 7. exd5
Nd4 8. Nxd4 Bxd4 9. c3 Bb6 10. d4 O-O 11. dxe5 Qxe5 12. Re1 Qf6 13. Be3
Bxe3 14. Rxe3 a6 15. Ba4 b5 16. Bb3 d6 17. Qd4 Qxd4 18. cxd4 Bd7 19. Rc1
Ra7 20. Rec3 Rc8 21. h4 g6 22. Bd1 a5 23. a3 a4 24. Be2 Kf8 25. h5 Rb8 26.
Rxc7 Rxc7 27. Rxc7 Be8 28. Bg4 b4 29. Bd7 Bxd7 30. Rxd7 bxa3 31. bxa3 Rb3
32. Rxd6 Rxa3 33. Ra6 Ra1+ 34. Kh2 gxh5 35. Kg3 a3 36. Kf4 Ke7 37. g3 Ra2
38. f3 Ra1 39. Kf5 a2 40. f4 Kd7 41. d6 Rg1 42. Rxa2 Kxd6 43. Ra7 Rxg3 44.
Rxf7 h4 45. Rxh7 $10 { This is drawn with best play (Syzygy tablebase). }
45... h3 46. Ke4 Ke6 47. d5+ Kd6 48. Rh6+ Kc5 $2 (48... Kd7 $10) ({ and }
48... Ke7 $10 { are the only moves that draw. }) 49. f5 $18 Rg4+ 50. Ke5
Rg3 51. f6 Re3+ 52. Kf4 Re4+ 53. Kxe4 1-0

[Event "Cork Masters 2025"]
[Site "Cork IRL"]
[Date "2025.10.05"]
[Round "5.2"]
[White "Arun, Nitish"]
[Black "Venkatesan, Kavin"]
[Result "0-1"]
[BlackTitle "FM"]
[WhiteElo "2094"]
[BlackElo "2267"]
[WhiteICU "2130"]
[BlackICU "2270"]
[WhiteClub "Cork"]
[BlackClub "St. Benildus"]
[WhiteNationality "IRL"]
[BlackNationality "IRL"]
[WhiteFideId "2524201"]
[BlackFideId "2512602"]
[PlyCount "88"]
[FIDETournamentId "435511"]
[ICUTournamentId "2569"]
[ChessResultsKey "1246470"]
[EventSection "1/3"]
[Venue "Clayton Hotel Cork City, 10 Lapp's Quay, Cork, T12 RD6E"]
[EventDate "2025.10.03"]

{ Event information: <a
href="https://www.irlchess.com/cork2025_allfiles/pairings_cork2025.html">Tournament
report</a>. }

1. d4 Nf6 2. c4 e6 3. Nc3 Bb4 4. e3 O-O 5. Bd2 b6 6. Nf3 Bb7 7. Rc1 d6 8.
Be2 Nbd7 9. a3 Bxc3 10. Bxc3 Ne4 11. O-O f5 12. b4 Rf6 13. Nd2 Rh6 14. f3
Qh4 15. fxe4 Qxh2+ 16. Kf2 Rg6 17. Bf3 fxe4 18. Rh1 Qg3+ 19. Ke2 exf3+ 20.
gxf3 Rf8 21. Rf1 d5 22. Qa4 Nf6 23. c5 a6 24. Kd3 Qg5 25. Rce1 Qf5+ 26. e4
Qh3 27. Kc2 dxe4 28. fxe4 Rg2 29. c6 b5 30. Qa5 Bxc6 31. Qxc7 Bxe4+ 32.
Rxe4 Rxd2+ 33. Bxd2 Qxf1 34. Re5 Qa1 35. Qc6 Qxd4 36. Qxe6+ Kh8 37. Bc3
Qf2+ 38. Re2 Qf3 39. Re3 Qg2+ 40. Re2 Qg6+ 41. Kc1 Re8 42. Qa2 Qg1+ 43. Be1
Qg5+ 44. Kd1 Qg4 0-1

[Event "Cork Masters 2025"]
[Site "Cork IRL"]
[Date "2025.10.05"]
[Round "5.3"]
[White "Petrenko, Maryna"]
[Black "Kelbas, Dariy"]
[Result "0-1"]
[WhiteTitle "WFM"]
[WhiteElo "2002"]
[BlackElo "1816"]
[WhiteICU "2128"]
[BlackICU "1940"]
[WhiteClub "Blanchardstown"]
[WhiteNationality "UKR"]
[BlackNationality "UKR"]
[WhiteFideId "14197820"]
[BlackFideId "34160515"]
[PlyCount "120"]
[FIDETournamentId "435511"]
[ICUTournamentId "2569"]
[ChessResultsKey "1246470"]
[EventSection "1/3"]
[Venue "Clayton Hotel Cork City, 10 Lapp's Quay, Cork, T12 RD6E"]
[EventDate "2025.10.03"]

{ Event information: <a
href="https://www.irlchess.com/cork2025_allfiles/pairings_cork2025.html">Tournament
report</a>. }

1. c4 Nf6 2. Nf3 g6 3. g3 Bg7 4. Bg2 O-O 5. O-O d6 6. Nc3 c5 7. d3 Nc6 8.
Rb1 Rb8 9. a3 a6 10. b4 cxb4 11. axb4 b5 12. Nd2 Bd7 13. cxb5 axb5 14. Nde4
Nxe4 15. Nxe4 Qc8 16. Be3 Bh3 17. Qd2 Bxg2 18. Kxg2 Qb7 19. Kg1 Nd4 20. h4
Nf5 21. h5 Nxe3 22. Qxe3 Qd5 23. hxg6 hxg6 24. Nd2 Bf6 25. Nf3 Kg7 26. Kg2
Rh8 27. Rh1 Ra8 28. Rbc1 Qb3 29. Qe4 Qe6 30. Qxe6 fxe6 31. Rxh8 Kxh8 32. d4
Ra4 33. e4 e5 34. dxe5 dxe5 35. Rb1 Kg8 36. g4 g5 37. Ne1 Ra3 38. Kf1 e6
39. Ke2 Ra2+ 40. Kf1 Ra3 41. Rc1 Rb3 42. Rc8+ Kf7 43. Nc2 Be7 44. Rb8 Rb2
45. Na3 Rxb4 46. Nxb5 Rxe4 47. f3 Rf4 48. Ke2 e4 49. fxe4 Rxe4+ 50. Kf3 Rb4
51. Rb7 Kf6 52. Rb6 Bc5 53. Rb7 Rb3+ 54. Kg2 Ke5 55. Nd6 Rxb7 56. Nxb7 Bb6
57. Kg3 Kd5 58. Kf3 Kc6 59. Ke4 Kxb7 60. Ke5 Be3 0-1

[Event "Cork Masters 2025"]
[Site "Cork IRL"]
[Date "2025.10.05"]
[Round "5.4"]
[White "Geaney-O'Brien, David"]
[Black "Carey, Paul"]
[Result "1-0"]
[WhiteElo "1983"]
[BlackElo "1896"]
[WhiteICU "1962"]
[BlackICU "1831"]
[WhiteClub "Cork"]
[WhiteNationality "IRL"]
[BlackNationality "IRL"]
[WhiteFideId "2509164"]
[BlackFideId "2503034"]
[PlyCount "61"]
[FIDETournamentId "435511"]
[ICUTournamentId "2569"]
[ChessResultsKey "1246470"]
[EventSection "1/3"]
[Venue "Clayton Hotel Cork City, 10 Lapp's Quay, Cork, T12 RD6E"]
[EventDate "2025.10.03"]

{ Event information: <a
href="https://www.irlchess.com/cork2025_allfiles/pairings_cork2025.html">Tournament
report</a>. }

1. e4 d5 2. exd5 Qxd5 3. Nf3 Nf6 4. d4 g6 5. Be2 Bg7 6. Bf4 c6 7. Nbd2 e6
8. c4 Qa5 9. Bd6 Nbd7 10. O-O Bf8 11. Bxf8 Kxf8 12. c5 Ne8 13. Nc4 Qc7 14.
Qd2 h6 15. Nfe5 Ndf6 16. Qf4 Kg7 17. Bf3 Rf8 18. Qg3 Kh7 19. Rfe1 Bd7 20.
Be4 Nxe4 21. Rxe4 $18 Ng7 22. Nxg6 $1 Rfc8 23. Nf8+ Kh8 24. Ne5 Be8 25. Rg4
f5 26. Nxe6 Nxe6 27. Rg8+ Kh7 28. Rxe8 Rxe8 29. Qg6+ Kh8 30. Nf7+ Qxf7 31.
Qxf7 1-0

[Event "Cork Masters 2025"]
[Site "Cork IRL"]
[Date "2025.10.05"]
[Round "5.6"]
[White "Siller-Aziz, Namo"]
[Black "Bartczak, Korneliusz"]
[Result "1/2-1/2"]
[WhiteElo "1987"]
[BlackElo "2071"]
[WhiteICU "2043"]
[BlackICU "2123"]
[BlackClub "Limerick"]
[WhiteNationality "IRL"]
[BlackNationality "IRL"]
[WhiteFideId "2533138"]
[BlackFideId "2523558"]
[PlyCount "119"]
[FIDETournamentId "435511"]
[ICUTournamentId "2569"]
[ChessResultsKey "1246470"]
[EventSection "1/3"]
[Venue "Clayton Hotel Cork City, 10 Lapp's Quay, Cork, T12 RD6E"]
[EventDate "2025.10.03"]

{ Event information: <a
href="https://www.irlchess.com/cork2025_allfiles/pairings_cork2025.html">Tournament
report</a>. }

1. c4 c6 2. g3 d5 3. Bg2 Nf6 4. Nf3 h6 5. d4 Bf5 6. Qb3 Qb6 7. Nc3 e6 8.
O-O Be7 9. Re1 O-O 10. Bf4 Nbd7 11. c5 Qxb3 12. axb3 g5 13. Bd2 Ne4 14. h3
Kg7 15. g4 Bg6 16. Nxe4 Bxe4 17. Nh2 Bxg2 18. Kxg2 f5 19. f3 Nf6 20. Nf1
Bd8 21. e3 Bc7 22. Ng3 Kg6 23. Bc3 a6 24. Re2 Rae8 25. b4 Rf7 26. Rae1 Ref8
27. Rf1 Bxg3 28. Kxg3 h5 29. gxh5+ Nxh5+ 30. Kh2 Rh7 31. Rg1 Nf6 32. Reg2
g4 33. fxg4 fxg4 34. Rxg4+ Nxg4+ 35. Rxg4+ Kf7 36. Be1 Rg8 37. Rf4+ Ke7 38.
Bh4+ Kd7 39. Bg3 Rhg7 40. Rf3 Ke8 41. h4 Rf7 42. Bf4 Rg4 43. Kh3 Rg1 44.
Rg3 Rxg3+ 45. Kxg3 Rg7+ 46. Kf2 Kf7 47. h5 Rg4 48. h6 Kg6 49. Kf1 Rh4 50.
Kg2 Rg4+ 51. Kf2 Rh4 52. Kf1 Kf5 53. Kf2 Ke4 54. Kg3 Rh1 55. Kg4 Rg1+ 56.
Bg3 Rh1 57. Bh4 Rg1+ 58. Bg3 Rh1 59. Bf4 Kd3 60. Bg5 1/2-1/2